The role of madrasas : (Record no. 526123)

000 -LEADER
fixed length control field 01670cam a2200433 i 4500
001 - CONTROL NUMBER
control field 20453880
003 - CONTROL NUMBER IDENTIFIER
control field NUST
005 - DATE AND TIME OF LATEST TRANSACTION
control field 20190709042239.0
008 - FIXED-LENGTH DATA ELEMENTS--GENERAL INFORMATION
fixed length control field 180417s2017 pk a b 000 0 eng
010 ## - LIBRARY OF CONGRESS CONTROL NUMBER
LC control number 2018322317
020 ## - INTERNATIONAL STANDARD BOOK NUMBER
International Standard Book Number 9788771472134
025 ## - OVERSEAS ACQUISITION NUMBER
Overseas acquisition number P-E-2018322317; 06
037 ## - SOURCE OF ACQUISITION
Source of stock number/acquisition Library of Congress -- Islamabad Overseas Office
038 ## - RECORD CONTENT LICENSOR
Staff Name Muhammad Ibrahim
040 ## - CATALOGING SOURCE
Original cataloging agency DLC
Language of cataloging eng
Transcribing agency DLC
Description conventions rda
042 ## - AUTHENTICATION CODE
Authentication code lcode
-- pcc
043 ## - GEOGRAPHIC AREA CODE
Geographic area code a-pk---
-- a-af---
050 00 - LIBRARY OF CONGRESS CALL NUMBER
Classification number BP43.P18
Item number .R65 2017
082 ## - DEWEY DECIMAL CLASSIFICATION NUMBER
Classification number 371.077
Author Mark ROL 2018
245 04 - TITLE STATEMENT
Title The role of madrasas :
Remainder of title assessing parental choice, financial pipelines and recent developments in religious education in Pakistan & Afghanistan /
Statement of responsibility, etc. edited by David Vestenskov.
264 #1 - PRODUCTION, PUBLICATION, DISTRIBUTION, MANUFACTURE, AND COPYRIGHT NOTICE
Place of production, publication, distribution, manufacture Copenhagen :
Name of producer, publisher, distributor, manufacturer Royal Danish Defence College,
Date of production, publication, distribution, manufacture, or copyright notice 2018.
300 ## - PHYSICAL DESCRIPTION
Extent 153 pages :
Other physical details Illustations ;
Dimensions 28 cm
336 ## - CONTENT TYPE
Content type term text
Content type code txt
Source rdacontent
337 ## - MEDIA TYPE
Media type term unmediated
Media type code n
Source rdamedia
338 ## - CARRIER TYPE
Carrier type term volume
Carrier type code nc
Source rdacarrier
504 ## - BIBLIOGRAPHY, ETC. NOTE
Bibliography, etc. note Includes bibliographical references.
650 #0 - SUBJECT ADDED ENTRY--TOPICAL TERM
Topical term or geographic name entry element Islamic religious education
Geographic subdivision Pakistan.
9 (RLIN) 17084
650 #0 - SUBJECT ADDED ENTRY--TOPICAL TERM
Topical term or geographic name entry element Islamic religious education
Geographic subdivision A fghanistan.
9 (RLIN) 17085
650 #0 - SUBJECT ADDED ENTRY--TOPICAL TERM
Topical term or geographic name entry element Madrasahs
Geographic subdivision Pakistan.
9 (RLIN) 17086
650 #0 - SUBJECT ADDED ENTRY--TOPICAL TERM
Topical term or geographic name entry element Madrasahs
Geographic subdivision Afghanistan.
9 (RLIN) 17087
650 #0 - SUBJECT ADDED ENTRY--TOPICAL TERM
Topical term or geographic name entry element Terrorism
General subdivision Religious aspects
-- Islam.
9 (RLIN) 8478
650 #0 - SUBJECT ADDED ENTRY--TOPICAL TERM
Topical term or geographic name entry element Islamic fundamentalism
Geographic subdivision Pakistan.
9 (RLIN) 4600
650 #0 - SUBJECT ADDED ENTRY--TOPICAL TERM
Topical term or geographic name entry element Islamic fundamentalism
Geographic subdivision Afghanistan.
9 (RLIN) 17088
700 1# - ADDED ENTRY--PERSONAL NAME
Personal name Vestenkov, David,
Relator term editor.
9 (RLIN) 17089
710 1# - ADDED ENTRY--CORPORATE NAME
Corporate name or jurisdiction name as entry element Center for Global & Strategic Studies.
9 (RLIN) 17090
906 ## - LOCAL DATA ELEMENT F, LDF (RLIN)
a 7
b cbc
c origode
d 3
e ncip
f 20
g y-gencatlg
942 ## - ADDED ENTRY ELEMENTS (KOHA)
Source of classification or shelving scheme
Koha item type Book
Holdings
Withdrawn status Lost status Source of classification or shelving scheme Damaged status Not for loan Permanent Location Current Location Shelving location Date acquired Source of acquisition Total Checkouts Full call number Barcode Date last seen Price effective from Koha item type
          Centre for International Peace & Stability (CIPS) Centre for International Peace & Stability (CIPS) General Stacks 07/09/2019 2019-07-08   371.077 ROL 2018 CIPSD0000516 07/09/2019 07/09/2019 Book
© 2023 Central Library, National University of Sciences and Technology. All Rights Reserved.